00928 2200265 4500001002100000005001500021035002000036100001300056245005300069264003400122090001000156020001800166008004100184082001200225084002100237250001400258300003000272700002500302520022300327600002200550336002100572337003000593338002300623990001600646INLIS00000000004394420220110025324 a0010-01220000280 aDes Alwi1 aSejarah Maluku /cDes Alwi; penyunting, M. Fauzi aJakarta :bDian Rakyat,c2005 59.895 a979-523-701-2220110 g | ind  a959.895 aSR 959.895 DES s aCetakan 1 axvi, 624 halaman ;c20 cm0 aM. Fauziepenyunting amelalui buku ini Des Ali seorang pejuang, pelaku sejarah bangsa, penyelaman laut Banda menturkan sejarah Banda dan sekitarnya termasuk Ternate, Tidore dan Ambon, untuk menjadi cermin bagi semua anak negeri di indonesia 4aMaluku -- Sejarah 2rdacontentaTeks 2rdamediaaTanpa perantara 2rdacarrieraVolume a48991.61811